| 000 | 00552nam a2200205Ia 4500 | ||
|---|---|---|---|
| 003 | OSt | ||
| 005 | 20260114153911.0 | ||
| 008 | 210210b1965 xxu||||| |||| 00| 0 eng d | ||
| 040 | _cAL | ||
| 041 | _aKannada | ||
| 082 | _a859/944 | ||
| 100 |
_aNAVARANGA _9145549 _dನವರಂಗ. |
||
| 245 |
_aNambi kettavaru: _bನಂಬಿ ಕೆಟ್ಟವರು |
||
| 260 |
_aBengaluru _bSampige Prakashana., _c1965 |
||
| 650 |
_aNambi _9145550 |
||
| 650 |
_akettavaru _9145551 |
||
| 690 |
_aKannada Fiction _9145552 |
||
| 906 | _a021694 | ||
| 942 |
_2ddc _cBK |
||
| 999 |
_c145790 _d145790 |
||